|
|
|
|
| LEADER |
02319njm a2200373 a 4500 |
| 001 |
000761194 |
| 003 |
CZ BrMZK |
| 005 |
20061130145218.0 |
| 007 |
ss lsnjlcmpnze |
| 008 |
050126s2002 xr || ? f cze d |
| 028 |
0 |
0 |
|a JR 00674 431
|b Tonstudio Jaromír Rajchman
|
| 040 |
|
|
|a BOA001
|b cze
|
| 041 |
0 |
|
|d cze
|
| 048 |
|
|
|a oz
|b vu
|
| 080 |
|
|
|a 784.4(437.32)
|2 MRF
|
| 080 |
|
|
|a (086.7)
|2 MRF
|
| 100 |
1 |
|
|a Harnoš, Václav,
|d 1930-2015
|7 ola200208348
|4 sng
|
| 245 |
1 |
0 |
|a Co sem sa k Vám nachodil
|h [zvukový záznam] /
|c písně Václava Harnoše ze Strážnice
|
| 260 |
|
|
|a Dolní Bojanovice :
|b Tonstudio Jaromír Rajchman ,
|c c2002
|
| 300 |
|
|
|a 1 zvuková kazeta (77:40) :
|b analog, stereo, Dolby B HX-Pro +
|e 1 leták (10 x 27 cm)
|
| 306 |
|
|
|a 011740
|
| 505 |
0 |
0 |
|t Co sem sa k vám nachodil --
|t Zazpívaj slavíčku --
|t Skoro ráno bývá --
|t Vyletěl pták --
|t Dyž sem byl na dřevo --
|t Tá strážnická brána --
|t Líto vám, mamičko --
|t Ve Strážnici muzikanti hráli --
|t Má mamička neví --
|t Pošla Anička na trávu --
|t U strážnickej brány --
|t Okolo Strážnice --
|t Plakaly děvčata --
|t V tem zeleném hájíčku --
|t Já su šohaj svobodný --
|t Zaspala nevěsta --
|t Ten strážniký zámek --
|t Vrť sa, dívča --
|t Dyby ně tak bylo --
|t Chodíme, chodíme --
|t Jel šohaj orat --
|t Seče šohaj, seče trávu --
|t Dyž sem já šel od milenky --
|t Ej, hore, chlapci --
|t Na petrovských dolinách --
|t A ty moji rodičové --
|t Dyž ně bylo dvacet let --
|t Strážnica městečko --
|t Ve Strážnici néni pána
|
| 508 |
|
|
|a Vybral, sestavil a úvodní slovo napsal Jiří Pajer
|
| 511 |
0 |
|
|a Zpívají: Václav Harnoš, Jan Múčka. Hrají: Muzika Slávka Volavého; BROLN; Muzika Michala Miltáka; Muzika Strážničan s primášem Víťou Pálenským
|
| 530 |
|
|
|a Vydáno také na kompaktní desce;
|d JR 0067 2 431
|
| 650 |
0 |
7 |
|a moravské lidové písně
|7 ph122978
|2 czenas
|
| 655 |
|
7 |
|a zvukové kazety
|7 fd186720
|2 czenas
|
| 710 |
2 |
|
|a Cimbálová muzika Slávka Volavého
|7 xx0010429
|
| 710 |
2 |
|
|a Brněnský rozhlasový orchestr lidových nástrojů
|7 kn20010710160
|
| 710 |
2 |
|
|a Cimbálová muzika Michala Miltáka
|
| 910 |
|
|
|a BOA001
|b KZ-0012.114
|
| 990 |
|
|
|a AV
|
| 991 |
|
|
|b 200502
|
| 996 |
6 |
|
|b 261H013301
|c KZ-0012.114
|l MZK
|r Sklad / do 24 hodin
|n 0
|w 000761194
|u 000010
|a 1
|e BOA001
|j MZK50
|s P
|